| 000 | 01185nam0a2200301 4500 | ||
|---|---|---|---|
| 001 | RU\NLR\bibl\455219 | ||
| 005 | 20250623182556.0 | ||
| 010 |
_a5-94385-013-9 _91000 |
||
| 021 |
_aRU _b2003-52161 _92524 |
||
| 035 | _a(NLR Aleph) 000448759 | ||
| 090 |
_a860357 _c860357 |
||
| 100 | _a20031104d2002 |||y0rusy50 ca | ||
| 101 | 0 | _arus | |
| 102 | _aRU | ||
| 105 | _aa ||||||||| | ||
| 200 | 1 |
_aФормирование системы транспортно-логистического менеджмента на предприятии _fЫ.Э. Ташбаев _gМоск. автомоб.-дор. ин-т (гос. техн. ун-т) |
|
| 210 |
_aМ. _cТехполиграфцентр _d2002 |
||
| 215 |
_a193 с. _cил. _d21 |
||
| 320 | _aБиблиогр.: с. 186-193 (182 назв.) и в подстроч. прим. | ||
| 606 | 0 |
_aЛогистика транспортная _92094770 _3RU\NLR\auth\661267542 |
|
| 686 | _aУ37(2)-59в611 | ||
| 700 | 1 |
_aТашбаев _bЫ. Э. _gЫрысбек Эгембердиевич _4070 |
|
| 801 | 0 |
_aRU _bNLR _c20031104 _gPSBO |
|
| 801 | 1 |
_aRU _bNLR _c20031104 |
|
| 830 | _aавт. по кн. | ||
| 942 | _cBOOK | ||
| 980 | _aNB | ||